En l'an 2001 - Statistiques

Statistiques générales
  • Ce quiz a été pris 9 fois
  • Le résultat moyen est 284 sur 370
Statistiques - réponses
paroles % Correct
à
100%
au
100%
aura
100%
caillou
100%
ce
100%
C'est
100%
c'est
100%
combien
100%
d'
100%
de
100%
l'
100%
le
100%
les
100%
Mais
100%
mais
100%
marrant
100%
n'
100%
nous
100%
on
100%
On
100%
photographies
100%
Quand
100%
qui
100%
Qui
100%
se
100%
sera
100%
Sur
100%
sur
100%
sympa
100%
t'
100%
2001
83%
an
83%
ans
83%
après
83%
auras
83%
courent
83%
en
83%
fourmis
83%
j'
83%
J'
83%
je
83%
milliards
83%
83%
tes
83%
Trois
83%
vie
83%
vieux
83%
vingt
83%
ai
67%
aurai
67%
avec
67%
banquise
67%
blancs
67%
bonhomme
67%
bout
67%
cantines
67%
cheveux
67%
coin
67%
comme
67%
dans
67%
demain
67%
dents
67%
des
67%
désert
67%
Et
67%
fer
67%
fera
67%
heure
67%
la
67%
lavera
67%
main
67%
mangera
67%
Moi
67%
nos
67%
pas
67%
Petit
67%
petit
67%
posera
67%
pour
67%
que
67%
refrains
67%
repas
67%
roc
67%
serai
67%
ses
67%
ta
67%
tend
67%
Tu
67%
tu
67%
un
67%
valises
67%
aller
50%
as
50%
atteindre
50%
baisser
50%
bien
50%
bois
50%
bras
50%
cerfs-volants
50%
chauffera
50%
clous
50%
dire
50%
envie
50%
fait
50%
Faut
50%
feux
50%
gamelles
50%
horizon
50%
igloos
50%
jamais
50%
loin
50%
marcher
50%
noire
50%
nuit
50%
Partir
50%
pelles
50%
peu
50%
phoques
50%
plantera
50%
plein
50%
plus
50%
poings
50%
rien
50%
salon
50%
sans
50%
sauras
50%
savoir
50%
toi
50%
tourments
50%
Tout
50%
tout
50%
Traverser
50%
veux
50%
ange
33%
éclore
33%
faire
33%
gants
33%
homme
33%
humain
33%
maximum
33%
premiers
33%
vas
33%
viens
33%
Vivre
33%
Brûler
17%
Aucun quiz correspondant
Distribution des résultats
% des personnes avec chaque résultat
Percentile par nombre de réponses
Votre historique - résultats
Vous n’avez pas pris ce quiz